<?xml version="1.0" encoding="UTF-8"?><?xml-stylesheet type="text/xsl" href="static/style.xsl"?><OAI-PMH xmlns="http://www.openarchives.org/OAI/2.0/" xmlns:xsi="http://www.w3.org/2001/XMLSchema-instance" xsi:schemaLocation="http://www.openarchives.org/OAI/2.0/ http://www.openarchives.org/OAI/2.0/OAI-PMH.xsd"><responseDate>2026-04-14T03:05:10Z</responseDate><request verb="GetRecord" identifier="oai:www.recercat.cat:20.500.12327/3345" metadataPrefix="marc">https://recercat.cat/oai/request</request><GetRecord><record><header><identifier>oai:recercat.cat:20.500.12327/3345</identifier><datestamp>2025-10-22T11:16:50Z</datestamp><setSpec>com_2072_4428</setSpec><setSpec>com_2072_4427</setSpec><setSpec>col_2072_487898</setSpec></header><metadata><record xmlns="http://www.loc.gov/MARC21/slim" xmlns:dcterms="http://purl.org/dc/terms/" xmlns:xsi="http://www.w3.org/2001/XMLSchema-instance" xmlns:doc="http://www.lyncode.com/xoai" xsi:schemaLocation="http://www.loc.gov/MARC21/slim http://www.loc.gov/standards/marcxml/schema/MARC21slim.xsd">
   <leader>00925njm 22002777a 4500</leader>
   <datafield ind2=" " ind1=" " tag="042">
      <subfield code="a">dc</subfield>
   </datafield>
   <datafield ind2=" " ind1=" " tag="720">
      <subfield code="a">Taguchi, Yasuaki</subfield>
      <subfield code="e">author</subfield>
   </datafield>
   <datafield ind2=" " ind1=" " tag="720">
      <subfield code="a">Abea, Andres</subfield>
      <subfield code="e">author</subfield>
   </datafield>
   <datafield ind2=" " ind1=" " tag="720">
      <subfield code="a">Llave, Yvan</subfield>
      <subfield code="e">author</subfield>
   </datafield>
   <datafield ind2=" " ind1=" " tag="720">
      <subfield code="a">Sugihara, Chihiro</subfield>
      <subfield code="e">author</subfield>
   </datafield>
   <datafield ind2=" " ind1=" " tag="720">
      <subfield code="a">Suzuki, Fumihiko</subfield>
      <subfield code="e">author</subfield>
   </datafield>
   <datafield ind2=" " ind1=" " tag="720">
      <subfield code="a">Hosoda, Tomonori</subfield>
      <subfield code="e">author</subfield>
   </datafield>
   <datafield ind2=" " ind1=" " tag="720">
      <subfield code="a">Onizawa, Kayoko</subfield>
      <subfield code="e">author</subfield>
   </datafield>
   <datafield ind2=" " ind1=" " tag="720">
      <subfield code="a">Sakai, Noboru</subfield>
      <subfield code="e">author</subfield>
   </datafield>
   <datafield ind2=" " ind1=" " tag="720">
      <subfield code="a">Fukuoka, Mika</subfield>
      <subfield code="e">author</subfield>
   </datafield>
   <datafield ind2=" " ind1=" " tag="260">
      <subfield code="c">2024-08-20</subfield>
   </datafield>
   <datafield ind2=" " ind1=" " tag="520">
      <subfield code="a">Microwave (MW) thawing and reheating of porous foods such as rice is a common practice, but uniform heating can be difficult to achieve. Computer simulation models were developed using the finite-element method to study MW thawing and reheating of packed rice. A method to obtain an apparent thermal conductivity was proposed, which accounts for heat distribution by water evaporation and condensation through the air pores in the sample. Reheating experiments of mashed compact rice and regular porous rice were carried out on a flatbed MW oven for 90 s. Similarly, thawing experiments were conducted on porous rice for 180 s. Good agreement between simulated and experimental results was obtained when correcting for thermal conductivity of the pores and for the volumetric power absorption between the frozen and thawed fractions This can help in the design of specifically designed porous foods and containers that allow for fast and homogeneous reheating.</subfield>
   </datafield>
   <datafield ind1="8" ind2=" " tag="024">
      <subfield code="a">Taguchi, Yasuaki, Andres Abea, Yvan Llave, Chihiro Sugihara, Fumihiko Suzuki, Tomonori Hosoda, and Kayoko Onizawa et al. 2025. “Modeling of microwave thawing and reheating of multiphase foods: A case study for packed rice”. Journal of Food Engineering, 386, 112284. doi:10.1016/j.jfoodeng.2024.112284.</subfield>
   </datafield>
   <datafield ind1="8" ind2=" " tag="024">
      <subfield code="a">0260-8774</subfield>
   </datafield>
   <datafield ind1="8" ind2=" " tag="024">
      <subfield code="a">http://hdl.handle.net/20.500.12327/3345</subfield>
   </datafield>
   <datafield ind1="8" ind2=" " tag="024">
      <subfield code="a">https://doi.org/10.1016/j.jfoodeng.2024.112284</subfield>
   </datafield>
   <datafield ind2="0" ind1="0" tag="245">
      <subfield code="a">Modeling of microwave thawing and reheating of multiphase foods: A case study for packed rice</subfield>
   </datafield>
</record></metadata></record></GetRecord></OAI-PMH>